000 02997cam a22004334i 4500
003 PE-LiUPU
005 20250731183436.0
008 150706s r 000 0 d
035 _a(Sirsi) a52006
040 _aPE-LiUPU
_bspa
_cPE-LiUPU
_erda
049 _aPRUA
082 0 4 _a720.47254
_bA7
_221
245 0 1 _aArquitectura y energía :
_barchitecture and energy /
_cMónica Gili directora ; editores Moisés Puente ; Lluís Ortega ; textos de Francois Béguin y Brian Thomas Carroll.
264 1 _aBarcelona :
_bGustavo Gili,
_c2001.
300 _a143 páginas :
_bilustraciones ;
_c30 cm.
336 _atext
_2rdacontent
337 _aunmediated
_2rdamedia
338 _avolume
_2rdacarrier
500 _aISSN: 1136-9647.
505 0 _aConversación con Paul Virilio -- Arquitectura y energía o la historia de una presencia invisible -- Obras y proyectos -- AA VV /Various authors. Concursos internacionales de torres de alta tensión. 1994 - 1999 -- Peter Jäger. Depuradoras ovoidales. 1995 -1999 -- Ecotécnia. Parque eólico, Tarifa. 1993 -- UN Studio. Subestación eléctrica, Innsbruck. 1996 - 2001 -- Pierre Bonnet / Christian Bridel. Central CHP, Biére. 1998 -- Hohaus Hinz & Seifert. Plantas de placas solares, Gelsenkirchen. 1999 - 2000 -- Stefano Boeri. Central energética geotérmica, Bagnore, Monte Amiata. 1998 -- NL architects. Central repetidora de distribución térmica, Utrecht. 1997 - 1998 -- Baumschlager & Eberle. Central energética, Alberschwende. 1989 - 1992 -- LisetteÁvila & Esther Fontana. Central energética hidroeléctrica "23 de enero" - Macagua, ciudad Guayana. 1998 -- Hans-Jörg Ruch. Subestación eléctrica, Albanatscha, Silvaplana. 1993 - 1996 -- Sk Power Company / HKM. Central eléctrica de fuentes de combustible múltiples Avedore 2, Copenhague. 1998 - 2002 -- Martin Kohlbauer. Central de energía calorífica, Viena. 1993 - 1996 -- Claudine Lorenz & Florian Musso. Central hidroeléctrica, Bieudron. 1999 -- Plataformas offshore: el sexto continente. -Contemplando el ciberespacio: la infraestructura eléctrica es arquitectura.
526 _aP158
526 _aP146
526 _aP17
526 _aP12
526 _aP06
541 _g004-000770;
650 0 4 _aArquitectura y conservación de la energía.
650 0 4 _aArquitectura Industrial.
700 1 _aGili, Mónica,
_edir.
700 1 _aPuente, Moisés,
_eed.
700 1 _aBéguin, Francois,
_etex.
700 1 _aCarroll, Brian Thomas,
_etex.
910 _afsr
_cfsr
_d20130107
942 _2ddc
_cBOOK
949 _a720.47254 A7
_wDEWEY
_c1
_i66329
_lCCODEBUL1
_mBUL
_p50.00
_r0
_sY
_tLIBRO
_u2015-07-06
_xINGENIERIA
_PP06
_o.STAFF. Colección General
994 _aC0
_bPEPRU
596 _a1
999 _a720.47254 A7
_wDEWEY
_c54591
_i66329
_d54591
_e2016-5-3
_f2021-11-9
_g7
_lCCODEBUL1
_mBUL
_n1
_p50.00
_q1
_r0
_sY
_tBOOK
_u2015-7-6
_xINGENIERIA
_PP06
_0COMPRA
_o.STAFF. Colección General
980 _81
_gALBERTO SANCHEZ Responsable de Automatización